Diplomatie islamique : (notice nᵒ 9422)
[ vue normale ]
| 000 -LEADER | |
|---|---|
| fixed length control field | 02735 a2200397 4500 |
| 001 - CONTROL NUMBER | |
| control field | OB-iheid-1862 |
| 003 - CONTROL NUMBER IDENTIFIER | |
| control field | FrMaCLE |
| 005 - DATE AND TIME OF LATEST TRANSACTION | |
| control field | 20251214082723.0 |
| 007 - PHYSICAL DESCRIPTION FIXED FIELD--GENERAL INFORMATION | |
| fixed length control field | cu ||||||m|||| |
| 008 - FIXED-LENGTH DATA ELEMENTS--GENERAL INFORMATION | |
| fixed length control field | 140928e||||||||xx |||||s|||||||||0|fr|d |
| 020 ## - INTERNATIONAL STANDARD BOOK NUMBER | |
| International Standard Book Number | 978-2-940549-61-0 |
| 024 7# - OTHER STANDARD IDENTIFIER | |
| Standard number or code | 10.4000/books.iheid.1862 |
| Source of number or code | doi |
| 040 ## - CATALOGING SOURCE | |
| Original cataloging agency | FR-FrMaCLE |
| 041 ## - LANGUAGE CODE | |
| Language code of text/sound track or separate title | fra |
| 100 1# - MAIN ENTRY--PERSONAL NAME | |
| Personal name | Djalili, Mohammad-Reza |
| 245 10 - TITLE STATEMENT | |
| Title | Diplomatie islamique : |
| Remainder of title | Stratégie internationale du khomeynisme / |
| Statement of responsibility, etc. | Mohammad-Reza Djalili. |
| 260 ## - PUBLICATION, DISTRIBUTION, ETC. | |
| Place of publication, distribution, etc. | Genève : |
| Name of publisher, distributor, etc. | Graduate Institute Publications, |
| Date of publication, distribution, etc. | 2014. |
| 300 ## - PHYSICAL DESCRIPTION | |
| Extent | 244 p. |
| 500 ## - GENERAL NOTE | |
| General note | Ebook |
| 520 ## - SUMMARY, ETC. | |
| Summary, etc. | Ces dernières années, certains événements spectaculaires ont révélé au grand public l'existence d'une dimension islamique des relations internationales. Mais cette « révélation » n'a pas été suivie par un effort de réflexion systématique sur le sens, les origines, les aspirations de cette diplomatie islamique qui semble défier l'ordre international. L'objet de cet ouvrage est précisément de pallier, dans la mesure du possible, cette carence. Il cherche à montrer que cette action diplomatique n'est pas uniquement un essai d'investissement de la scène internationale par nécessité révolutionnaire, ou la recherche d'un moyen de consolidation d'une légitimité, mais qu'elle procède aussi en se fondant sur une vision originale, en recourant à un cadre de référence particulier et en utilisant des méthodes qui lui sont propres. Après avoir présenté, dans une première partie, les liens qui peuvent exister entre l'islam et les relations internationales en général, l'ouvrage, tout en tenant compte du courant islamique transnational, est centré essentiellement sur la politique extérieure de la République islamique d'Iran, unique exemple, jusqu'à présent, d'État islamiste, clérical et révolutionnaire. Les aspects doctrinaux de la diplomatie de l'Iran islamique sont analysés, les relations du régime khomeyniste avec les grandes puissances et les pays de la région sont évoquées pour déboucher sur une appréciation critique d'une décennie d'intenses activités sur la scène internationale. |
| 540 ## - TERMS GOVERNING USE AND REPRODUCTION NOTE | |
| Terms governing use and reproduction | CC-BY-NC-ND-4.0 |
| Uniform Resource Identifier | <a href="https://creativecommons.org/licenses/by-nc-nd/4.0/">https://creativecommons.org/licenses/by-nc-nd/4.0/</a> |
| 650 #4 - SUBJECT ADDED ENTRY--TOPICAL TERM | |
| Topical term or geographic name entry element | History |
| Topical term or geographic name entry element | Political Science |
| Topical term or geographic name entry element | geopolitics |
| Topical term or geographic name entry element | foreign policy |
| Topical term or geographic name entry element | foreign relations |
| Topical term or geographic name entry element | Islam |
| Topical term or geographic name entry element | relations internationales |
| Topical term or geographic name entry element | politique étrangère |
| Topical term or geographic name entry element | religion |
| Topical term or geographic name entry element | Islam |
| Topical term or geographic name entry element | khomenysme |
| Topical term or geographic name entry element | diplomatie |
| 776 ## - ADDITIONAL PHYSICAL FORM ENTRY | |
| International Standard Book Number | 978-2-13-042393-5 |
| 856 4# - ELECTRONIC LOCATION AND ACCESS | |
| Data provenance | Djalili, Mohammad-Reza |
| Uniform Resource Identifier | <a href="https://books.openedition.org/iheid/1862">https://books.openedition.org/iheid/1862</a> |
| Link text | Diplomatie islamique |
Pas d'exemplaire disponible.
